000 00479nam a2200181Ia 4500
999 _c28095
_d28095
003 OSt
005 20201110152919.0
008 190216s9999||||xx |||||||||||||| ||und||
020 _a8171808212
040 _coclc
082 _a894.8123
_bPRE/N
100 _aPremchand
_95683
245 0 _aNirmala /
_cPremchand
260 _bPoorna Pubs,
_a Kozhikode:
_c2000.
300 _a168p
650 _aNovel
942 _cBK
_2ddc
_h894.8123
_iPRE/N
_k894.8123
_mPRE/N